000 00303nam a22001337a 4500
008 180730b xxu||||| |||| 00| 0 eng d
082 _a813.52
245 _aThe Art of public speaking
_cLucas,S.E
260 _c2009
300 _a1
_fCD
440 _x9780077262242
760 _b10th
942 _2ddc
_cMX
999 _c46667
_d46667